Ảnh hưởng của hỗn hợp ruột bầu và mùa vụ đến khả năng ra rể của cành chiết Bương mốc /
Uloženo v:
| Hlavní autor: | |
|---|---|
| Další autoři: | |
| Médium: | Článek |
| Jazyk: | Vietnamese |
| Témata: | |
| Tagy: |
Přidat tag
Žádné tagy, Buďte první, kdo otaguje tento záznam!
|
| Thư viện lưu trữ: | Thư viện Trường Đại học Đà Lạt |
|---|
| LEADER | 00894nam a2200277 4500 | ||
|---|---|---|---|
| 001 | DLU190192502 | ||
| 005 | ##20190918 | ||
| 040 | # | # | |a DLU |b vie |
| 041 | # | # | |a vie |
| 044 | # | # | |a vn |
| 100 | # | # | |a Hà Văn Năm. |
| 245 | # | # | |a Ảnh hưởng của hỗn hợp ruột bầu và mùa vụ đến khả năng ra rể của cành chiết Bương mốc / |c Hà Văn Năm, Lê Văn Thành. |
| 653 | # | # | |a Bương mốc |
| 653 | # | # | |a Chiết cành |
| 653 | # | # | |a Hỗn hợp ruột bầu |
| 653 | # | # | |a Mùa vụ |
| 700 | # | # | |a Lê Văn Thành. |
| 773 | # | # | |t Nông nghiệp & Phát triển nông thôn |g Số 311, 2017, tr. 138-142 |
| 920 | # | # | |a Phòng Tạp chí -- Trung tâm Thông tin - Thư viện Trường Đại học Đà Lạt |
| 900 | # | # | |a True |
| 911 | # | # | |a Nguyễn Thị Thu Phương |
| 925 | # | # | |a G |
| 926 | # | # | |a A |
| 927 | # | # | |a BB |
| 980 | # | # | |a Thư viện Trường Đại học Đà Lạt |